| 000 | 00344nam a2200109Ia 4500 | ||
|---|---|---|---|
| 008 | 171211s9999 xx 000 0 und d | ||
| 245 | 2 | _aA Frequency Dictionary of German: Core Vocabulary for Learners | |
| 245 | _cErwin Tschirner and Randall Jones | ||
| 260 | _c2006 | ||
| 650 | _xCULTURE | ||
| 856 | _uhttp://down.ebook777.com/063/0415316332.pdf | ||
| 999 |
_c347781 _d347781 |
||